01290nam a2200313 a 4500001001100000003000800011006001900019007001500038008004100053010001700094020001500111040002100126035002000147050002200167082001700189100002800206245011600234260004400350300002200394490005600416504006600472533015200538650004300690655002900733710001700762830005700779856012500836999001500961ebr5002105CaPaEBRm u cr cn|||||||||981019s1999 enka sb 001 0deng d z 99213859  z0415195004 aCaPaEBRcCaPaEBR a(OCoLC)4813914014aHB98b.G55 1999eb04a330.15/72211 aGloria-Palermo, Sandye.14aThe evolution of Austrian economicsh[electronic resource] :bfrom Menger to Lachmann /cSandye Gloria-Palermo. aLondon ;aNew York :bRoutledge,c1999. ax, 186 p. :bill.1 aRoutledge studies in the history of economics ;v24 aIncludes bibliographical references (p. [170]-181) and index. aElectronic reproduction.bPalo Alto, Calif. :cebrary,d2013.nAvailable via World Wide Web.nAccess may be limited to ebrary affiliated libraries. 0aAustrian school of economicsxHistory. 7aElectronic books.2local2 aebrary, Inc. 0aRoutledge studies in the history of economics ;v24.40uhttp://site.ebrary.com/lib/rucke/Doc?id=5002105zAn electronic book accessible through the World Wide Web; click to view c1366d1366